[Event "Bratislava Doprastav op"]
[Site "Bratislava"]
[Date "2009.07.08"]
[Round "6"]
[White "Ballo, Juraj"]
[Black "Hricovini, Michal"]
[Result "1-0"]
[WhiteElo "1484"]
[BlackElo "1609"]
[PlyCount "85"]
[EventDate "2009.07.04"]
[EventType "swiss"]
[EventRounds "9"]
[EventCountry "SVK"]
[SourceTitle "EXT 2015"]
[Source "ChessBase"]
[SourceDate "2014.11.20"]
[SourceVersion "1"]
[SourceVersionDate "2014.11.20"]
[SourceQuality "1"]

1. Nf3 d5 2. d4 Nf6 3. c4 e6 4. Nc3 Bb4 5. Bg5 0-0 6. e3 Nbd7 7. cxd5 exd5 8. Be2 h6 9. Bh4 g5 10. Bg3 Ne4 11. Qb3 a5 12. 0-0 Ndf6 13. Rfd1 Be6 14. Rac1 Qe7 15. a3 Bxc3 16. bxc3 Nxg3 17. hxg3 b6 18. Ne5 Ne4 19. Qb2 Kg7 20. c4 f6 21. Nf3 Rab8 22. cxd5 Bxd5 23. Nd2 Nxd2 24. Rxd2 c6 25. Rdc2 Rfc8 26. Bf3 Bxf3 27. gxf3 Qd6 28. a4 h5 29. e4 Qd7 30. Kg2 Rd8 31. Rxc6 Qxd4 32. Qa3 Rd7 33. Qb3 h4 34. Qb5 h3+ 35. Kg1 Qd3 36. Qf5 Rf7 37. f4 Qf3 38. Qxh3 Qxe4 39. fxg5 Qg6 40. gxf6+ Rxf6 41. Qd7+ Qf7 42. Qd4 Rf8 43. Rc7 1-0

[Event "Bratislava Doprastav op"]
[Site "Bratislava"]
[Date "2008.06.29"]
[Round "2"]
[White "Ballo, Juraj"]
[Black "Sturc, Gustav"]
[Result "0-1"]
[WhiteElo "1350"]
[BlackElo "2144"]
[PlyCount "48"]
[EventDate "2008.06.28"]
[EventType "swiss"]
[EventRounds "7"]
[EventCountry "SVK"]
[SourceTitle "CBM 125 Extra"]
[Source "ChessBase"]
[SourceDate "2008.09.01"]
[SourceVersion "1"]
[SourceVersionDate "2008.09.01"]
[SourceQuality "1"]

1. d4 Nf6 2. c4 c5 3. d5 e6 4. Nc3 exd5 5. cxd5 d6 6. e4 g6 7. h3 Bg7 8. Bg5 0-0 9. Qd2 Nbd7 10. Nf3 a6 11. a4 Qa5 12. Ra2 Re8 13. Bd3 c4 14. Bc2 Nc5 15. Bxf6 Bxf6 16. 0-0 Bd7 17. Re1 Qc7 18. Qf4 Bg7 19. Nd2 b5 20. b4 cxb3 21. Nxb5 axb5 22. Nxb3 Nxb3 23. Bxb3 Be5 24. Rc2 Qxc2 0-1